00725nam a2200193Ia 4500999001700000082001200017100001800029245006300047260004900110300001200159504004100171650002300212650003600235650005600271650002900327710001600356942001200372952014700384 c16777d16777 aTA.0275 aArora, Kavita 0aManagement of tropical forests : a case study of Indonesia c2002bJawaharlal Nehru University, New Delhi axi, 179 aincludes appendices and bibliography aTropicsvIndonesia aForests and forestryvIndonesia aForest managementvIndonesiavCitizen participation aForest policyvIndonesia aDeora, S.S. cTH2ddc 00104070aNASSDOCbNASSDOCd2007-05-18eGifted by : RP&F Division, ICSSRi2007-04-19l0oTA.0275p43437r2019-04-18 00:00:00w2019-04-18yTH